00760cam a22002411 45000010005000000030008000050050017000130080039000300350018000690400034000870410008001210820013001291000034001422450048001762500024002242600074002483000033003225040031003555050030003866500015004167000044004317100043004752513BD-RjUL20211208233553.0131211s1961 enkac b 000 0 eng a(BD-RjUL)2540 aDLCcDLCdDLCd(BD-RjUL)beng aeng00a330bMAP1 aMarshall, Alfred,d1842-1924.10aPrinciples of economics /cAlfred Marshall. a9th (variorum) ed., aLondon,aNew York :bMacmillan for the Royal Economic Society,c1961. a2 v.bport., diagrs.c25 cm. aBibliographical footnotes.0 av. 1. Text.--v. 2. Notes. 0aEconomics.1 aGuillebaud, Claude William,d1890-eed.2 aRoyal Economic Society (Great Britain)